000 01784nac a22003137a 4500
003 Co-PeBPM
005 20240427162446.0
007 ta
008 240427s2022 ck a|||| |||| 00| 0 spa d
040 _aCo-PeBPM
_bspa
_cCo-PeBPM
_erda
041 _aspa
082 0 4 _a(i) 579.2 C691v
_222
110 _aColectivo Ellas Educan
245 1 0 _aLa vida secreta de los virus
_c/ Colectivo Ellas Educan; ilustraciones Mariona Tolosa Sisteré; traducción Diana Novell
250 _aPrimera edición especial
260 _aBogotá, Colombia
_b: Siglo del Hombre Edtores,
_c2022
300 _a[32] páginas
_bilustraciones a color
_c26 centímetros
490 _aPlan Nacional de Lectura y Escritura Leer es mi Cuento
500 _aEdición especial. Colección de actualización bibliográfica para la Red Nacional de Bibliotecas Públicas del Ministerio de Cultura, Plan Nacional de Lectura, Escritura y Oralidad "Leer es mi Cuento", 2022.
520 _a¡Au, ay, uy! ¡Me he hecho daño! Los pequeños accidentes pueden ocurrir cuando menos nos lo esperamos: en el patio del colegio, cuando vamos de excursión, en casa o durante las vacaciones. La buena noticia es que la piel nos protege como un buen embalaje, las plaquetas tapan rápidamente las heridas y los glóbulos blancos y rojos corren a protegernos y a luchar contra posibles infecciones. ¡Nuestro cuerpo actúa y las heridas se curarán en un periquete!
521 _aRecomendado para 7 a 12 años
650 1 4 _aVirus
_2Lemb
_vLiteratura infantil
650 1 4 _aLibros ilustrados para niños
_2Lemb
650 1 4 _aCoronavirus
_2Lemb
700 _aTolosa Sisteré, Mariona
_eilustradora
700 _aNovell, Diana
_etraductora
942 _2ddc
_cBK
_n0
999 _c26789
_d26789